| 000 | 00763nam a22002657a 4500 | ||
|---|---|---|---|
| 001 | 200462866 | ||
| 003 | TR-AnTOB | ||
| 005 | 20241101153940.0 | ||
| 008 | 241101b tu ||||| |||| 00| 0 tur d | ||
| 020 | _a9783990459386 | ||
| 040 |
_aTR-AnTOB _beng _erda _cTR-AnTOB |
||
| 041 |
_aeng _beng |
||
| 092 |
_a823.2 _bKİP 2019 |
||
| 100 | 1 |
_aKipling, Rudyard, _d1865-1936 _eauthor. _946180 |
|
| 245 |
_aKim A2 / _cRudyard Kipling. |
||
| 260 |
_aLondon : _bHebling readers ; _c2019. |
||
| 300 |
_a92 Pages : _bill. ; _c21 cm. |
||
| 336 |
_atext _btxt _2rdacontent |
||
| 337 |
_aunmediated _bn _2rdamedia |
||
| 338 |
_avolume _bnc _2rdacarrier |
||
| 653 | _aİngilizce okuma kitapları | ||
| 942 |
_2ddc _cBK |
||
| 999 |
_c200462866 _d81078 |
||